000 00739nam a2200241Ia 4500
001 16875
003 GE_BSU
008 181216s||||||||xx |||||||||||||| ||und||
040 _cGE_BSU
080 _a821.353.1-1 + 821.353.1-11
100 _aბერულავა, ხუტა
245 _aუღელტეხილი
245 _bლექსები. პოემები
245 _cრედ.ი.არაბული
260 _aთბილისი
260 _bსაბჭ. საქართველო
260 _c1976
300 _a325გვ. 20სმ.
541 _h1ლ.10თ.
653 _aლექსები. პოემები
653 _aუღელტეხილი
942 _cBK
999 _c49939
_d49939